| 000 | 00000nam##2200000za#4500 |
| 001 | 9.625448 |
| 003 | CaOODSP |
| 005 | 20210125140402 |
| 007 | ta |
| 008 | 150406|2000||||xxc||||| f|0| 0 fre|d |
| 020 | |a0-662-85123-4 |
| 040 | |aCaOODSP|bfre |
| 043 | |an-cn--- |
| 086 | 1 |aCC173-3/1-242F |
| 110 | 2 |aCommission canadienne de sûreté nucléaire. |
| 245 | 10|aExamen des coûts et des avantages |
| 260 | |aOttawa - Ontario : |bCommission canadienne de sûreté nucléaire |c2000. |
| 300 | |a2p. ; |c28 cm. |
| 490 | 1 |aPolitique d'application de la réglementation |vP-242(F) |
| 500 | |a«La présente politique d'application de la réglementation décrit comment la Commission canadienne de sûreté (CCSN) tient compte des renseignements sur les coûts et les avantages dans certains de ses processus décisionnels.»--Objet. |
| 520 | 3 |aLa présente politique d'application de la réglementation décrit comment la Commission canadienne de sûreté (CCSN) tient compte des renseignements sur les coûts et les avantages dans certains de ses processus décisionnels.--Objet |
| 563 | |aCouverture souple |
| 590 | |a00-45|b2000-11-10 |
| 691 | 07|aÉnergie nucléaire|2gcpds |
| 691 | 07|aRéglementation en matière de sécurité|2gcpds |
| 776 | 0#|tExamen des coûts et des avantages |w(CaOODSP)9.602001 |
| 830 | #0|aPolitique d'application de la réglementation ;|vP-242(F)|w(CaOODSP)9.512864 |